Chanoch lanaar : the first will of Rabbi Shalom DovBer Schneersohn of Lubavitch /

Saved in:
Bibliographic Details
Main Author: Schneersohn, Shalom Dov Baer, 1860-1920.
Other Authors: Danzinger, Y. Eliezer.
Format: Book
Language:English
Published: Brooklyn, NY : Kehot Publication Society, 1999.
Subjects:
Tags: Add Tag
No Tags, Be the first to tag this record!
LEADER 00847nam a22002534a 4500
001 008564280-0
005 20020606104010.5
008 010209s1999 nyua b 000|0 eng
020 |a 0826605389 (alk. paper) 
035 0 |a ocm40654698 
050 0 0 |a BJ1286.W6  |b S3513 1999 
100 1 |a Schneersohn, Shalom Dov Baer,  |d 1860-1920. 
240 1 0 |a Ḥanokh la-naʻar.  |l English 
245 1 0 |a Chanoch lanaar :  |b the first will of Rabbi Shalom DovBer Schneersohn of Lubavitch /  |c translated by Eliezer Danzinger. 
260 |a Brooklyn, NY :  |b Kehot Publication Society,  |c 1999. 
300 |a 94 p. :  |b ill. ;  |c 24 cm. 
504 |a Includes bibliographical references (p. 87-92). 
650 0 |a Wills, Ethical. 
650 0 |a Talmud Torah (Judaism) 
650 0 |a Habad. 
650 0 |a Hasidism. 
700 1 |a Danzinger, Y. Eliezer. 
988 |a 20020608 
906 |0 MH